Current Monarchs of Europe - Statistics

General Stats
  • This quiz has been taken 75 times
  • The average score is 5 of 8
Answer Stats
Country Title Monarch % Correct
United Kingdom Queen Elizabeth II
98%
Spain King Felipe VI
71%
Sweden King Carl XVI
59%
Netherlands King Willem-Alexander
55%
Belgium King Philippe
53%
Norway King Harald V
52%
Denmark Queen Margrethe II
47%
Luxembourg Grand Duke Henri
41%
No matching quizzes found
Score Distribution
Percent of People with Each Score
Percentile by Number Answered
Your Score History
You have not taken this quiz